00794 a2200217 4500010001400000020002200014035001300036037001600049082001100065090001700076100001700093245009600110260004400206270005400250300002900304500004900333700002000382942002500402999001700427952013200444 aENG-89438 a812032812c295.00 aEN-72971 bDBAD / PUB14a671.37 c10928d109281 aAngelo, P.C.1 aPower metallurgy:cby P.C. Angelo and R. Subramanianbscience, technology and applications/ aNew DelhibPrentice-Hall of Indiac2008 aM-97, Connaught CircusbNew DelhicDelhie110001 axii, 300p.c23 cm (pbk) aIncludes bibliographical references & index.1 dSubramanian, R. adplcENk671.37/ ANG c10626d10626 00102ddc40718NFICaDBADbDBADeDBAD/PUBg295.00l0o671.37pEN-72971r2008-09-15 00:00:00t1u11703v295.00w2008-09-15yEN